000 00414nam a22001571a 4500
082 _aH100 7
_bNAM/P
100 _aNamwar Singh
245 _aPrithviraj raso: bhasha aur sahitya/
_cby Namwar Singh
260 _aNew Delhi:
_bRadhakrishna,
_c1997.
300 _a272p.
650 _aPoetry Prithviraj Raso Study
650 _aPoetry Hindi Study
650 _aLiterature Hindi
650 _aLiterature
942 _cBK
999 _c36096
_d36096